• 首页
  • 本馆介绍
  • 公告通知
  • 最新文献
  • 馆藏检索
  • 电子资源
  • 读者导购
  • 参考咨询
  • 我的图书馆
  • 登录
  • 详细信息显示
  • 放入我的书架
  • 预约/预借图书
  • 作者相关作品
  • 分类相关作品
  • 丛书相关作品
  • 出版社相关作品

书目信息

  • 表格格式
  • 工作单格式
  • 卡片格式
题名:
港口普通货物码头企业安全生产标准化建设指南
    
 
作者: 詹水芬 主编 ;交通运输部 编著
分册:  
出版信息: 北京   人民交通出版社  2012
页数: 185页
开本: 26cm
丛书名:
单 册:
中图分类: U698.5-65
科图分类:
主题词: 港口--安全标准--研究 , 码头--安全标准--研究
电子资源:
ISBN: 978-7-114-10259-2
000 01036nam0 2200253 450
001 012015000738
005 20150911083215.17
010    @a978-7-114-10259-2@dCNY46.00
100    @a20130425d2012 em y0chiy50 ea
101 0  @achi
102    @aCN@b110000
105    @ay z 000yy
106    @ar
200 1  @a港口普通货物码头企业安全生产标准化建设指南@Agang kou pu tong huo wu ma tou qi ye an quan sheng chan biao zhun hua jian she zhi nan@f詹水芬主编@g交通运输部天津水运工程科学研究院编著
210    @a北京@c人民交通出版社@d2012
215    @a185页@d26cm
330    @a本书以交通运输部制定的《港口普通货物码头企业安全生产达标考评指标》为基础,结合港口企业的安全生产管理模式,以及国家安全生产法律、法规的具体要求,对考评指标的条款进行了解析。
606 0  @a港口@x安全标准@x研究
606 0  @a码头@x安全标准@x研究
690    @aU698.5-65@v5
701  0 @a詹水芬@Azhan shui fen@4主编
712 02 @a交通运输部@Ajiao tong yun shu bu@b天津水运工程科学研究院@4编著
801  0 @aCN@b碧洲教育@c20150718
905    @a10447@f4@dU698.5-65@e269
    
    港口普通货物码头企业安全生产标准化建设指南/詹水芬主编/交通运输部天津水运工程科学研究院编著.-北京:人民交通出版社,2012
    185页;26cm
    
    
    ISBN 978-7-114-10259-2:CNY46.00
    本书以交通运输部制定的《港口普通货物码头企业安全生产达标考评指标》为基础,结合港口企业的安全生产管理模式,以及国家安全生产法律、法规的具体要求,对考评指标的条款进行了解析。
●
相关链接 在E读中查询图书 在五车中查询图书 在当当中查询图书 在豆瓣中查询图书


正题名:港口普通货物码头企业安全生产标准化建设指南     索取号:U698.5-65/269         预约/预借

序号 登录号 条形码 馆藏地/架位号 状态 备注
1 0848224   208482248   第二样本阅览室/ [索取号:U698.5-65/269] 在馆    
2 0848225   208482257   第三借阅区/ [索取号:U698.5-65/269] 在馆    
3 0848226   208482266   第三借阅区/ [索取号:U698.5-65/269] 在馆    
4 0848227   208482275   第三借阅区/ [索取号:U698.5-65/269] 在馆    
唐山师范学院图书馆 欢迎您!
大连网信软件有限公司© 版权所有